00591nam a22001937a 450000500170000001000170001702000260003403500170006003700080007708200130008510000250009824500970012326000380022027000400025830000290029850000200032770000250034770000250037220110107151219.0 aB-419426-447 a9788131725160c599.00 aB-419426-447 bUBH a658.1511 aBamber, Linda Smith  aManagerial accounting /cby Linda Smith Bamber, Karen Wilken Braun [and] Walter T. Harrison  aDelhi bPearson Educations c2009 a482 FIF, PatparganjbDelhi e110092 a788, G-11p. c30cm(pbk)  aIncludes index  aBraun, Karen Wilken  aHarrison, Walter T.